Statistics for Walt Disney World: Theme Parks and Areas

Click here to take the quiz!

General Stats

  • This quiz has been taken 3,372 times
    (3,371 since last reset)
  • The average score is 6 of 7

Answer Stats

HintAnswer% Correct
Where the Magic happensMagic Kingdom
99%
Where the animals areAnimal Kingdom
98%
The nations unite hereEpcot
96%
Where the movie magic happensHollywood Studios
93%
Theres a blizzard in Florida (waterpark)Blizzard Beach
82%
Theres a shipwreck and its named after a type of storm (waterpark)Typhoon Lagoon
73%
Where the Disney Night Life isDowntown Disney
69%

Score Distribution

Percentile by Number Answered

Percent of People with Each Score

Your Score History

You have not taken this quiz since the last reset